Amor y responsabilidad : estudio de moral sexual /
La presente obra fue escrita en 1969 por el cardenal polaco Karol Wojtyla, quien fuera electo al papado de la Iglesia católica en 1978 con el nombre de Juan Pablo II. Su elección hizo que esta obra cobrara relevancia, sobre todo para comprender en profundidad el proceso de maduración intelectual y h...
Spremljeno u:
| Glavni autor: | |
|---|---|
| Daljnji autori: | |
| Format: | Knjiga |
| Jezik: | španjolski |
| Izdano: |
Madrid, España :
Razón y Fe,
1979, c1979
|
| Izdanje: | 10a edición |
| Serija: | (Biblioteca Palabra. Pensamiento ;
12) |
| Teme: | |
| Oznake: |
Bez oznaka, Budi prvi tko označuje ovaj zapis!
|
MARC
| LEADER | 00000nam^a2200000^a^4500 | ||
|---|---|---|---|
| 001 | 000185310 | ||
| 005 | 20250521000000.0 | ||
| 009 | 20260310102147.889 | ||
| 020 | |a 84-8239-411-8 | ||
| 037 | |a Acervo ITESO - Biblioteca | ||
| 041 | |a ESP | ||
| 082 | |a 176. |b WOJ | ||
| 100 | |a Wojtyla, Karol |e (autor) | ||
| 245 | 1 | 0 | |a Amor y responsabilidad : |b estudio de moral sexual / |c K. Wojtyla ; pról. de Matías García ; pref. de H. de Lubac ; tr. por Juan Antonio Segarra. |
| 250 | |a 10a edición | ||
| 264 | 4 | |a Madrid, España : |b Razón y Fe, |c 1979, c1979 | |
| 300 | |a 347 p. | ||
| 336 | |a texto |b txt |2 rdacontenido | ||
| 337 | |a sin mediación |b n |2 rdamedio | ||
| 338 | |a volumen |b nc |2 rdasoporte | ||
| 440 | 1 | |a (Biblioteca Palabra. |p Pensamiento ; |v 12) | |
| 500 | |a Traducción de: Milosc i odpowiedzialnosc | ||
| 520 | |a La presente obra fue escrita en 1969 por el cardenal polaco Karol Wojtyla, quien fuera electo al papado de la Iglesia católica en 1978 con el nombre de Juan Pablo II. Su elección hizo que esta obra cobrara relevancia, sobre todo para comprender en profundidad el proceso de maduración intelectual y humana del autor. Aborda desde la perspectiva ética los problemas que se refieren al amor, al matrimonio, a la procreación, a la familia, a la castidad y la sexualidad; los destinatarios no son únicamente los creyentes, ya que no apela a la fe ni parte de las enseñanzas bíblicas, sino que hace acopio de corrientes filosóficas modernas como la fenomenolgía, así como de elementos de las filosofías tradicionales. | ||
| 649 | |a XX | ||
| 650 | |a Amor | ||
| 650 | |a Castidad | ||
| 650 | |a Familia | ||
| 650 | |a Matrimonio | ||
| 650 | |a Etica Sexual - |x Tema Principal | ||
| 650 | |a Sexualidad | ||
| 650 | |a Fenomenología | ||
| 650 | |a Filosofía | ||
| 650 | |a Catolicismo | ||
| 650 | |a Cristianismo | ||
| 650 | |a Religión | ||
| 700 | |a Lubac, Henri de |e (prefacio) | ||
| 910 | |a Fondo General | ||
| 920 | |a Impresos - Libros | ||
| 930 | |a Colección General | ||
| 905 | |a 101 | ||
| 901 | |a 0500126719 |b IT1 |c ACC |u 20250521 | ||
| 902 | |a https://opac.biblio.iteso.mx/vufind/Record/000185310 | ||